000 00467nam a2200181Ia 4500
001 4309
005 20260306145746.0
008 260306t2022||||xx |||||||||||||| ||spa||
041 _aESP
082 _a320.53
_bP27
100 _aPásara, Luis
_eAUT
245 0 _aLa nueva izquierda peruana en su década perdida:
_bde la ilusión a la agonía
260 _c2022
300 _a324 páginas :
_c20 cm.
650 _aGEN
654 _aCDE
942 _cLIB
_dJUS
_fJUS
_2ddc
_n
999 _c4309
_d4309